Catálogo

Vista normal Vista MARC

Entrada Personal Name

Número de registros utilizados en: 1

001 - CONTROL NUMBER

  • control field: 14926

003 - CONTROL NUMBER IDENTIFIER

  • control field: DLC

005 - DATE AND TIME OF LATEST TRANSACTION

  • control field: 20231003135837.0

008 - FIXED-LENGTH DATA ELEMENTS

  • fixed length control field: 820120n| acannaabn |a aaa

010 ## - LIBRARY OF CONGRESS CONTROL NUMBER

  • LC control number: n 82004780

035 ## - SYSTEM CONTROL NUMBER

  • System control number: (OCoLC)oca00702106

040 ## - CATALOGING SOURCE

  • Original cataloging agency: DLC
  • Language of cataloging: spa
  • Transcribing agency: Mx-PuUPA
  • Modifying agency: DLC
  • Modifying agency: OCoLC
  • Modifying agency: DLC
  • Modifying agency: Mx-PuUPA
  • Description conventions: rda

100 1# - HEADING--PERSONAL NAME

  • Personal name: Basáñez, Miguel,

374 ## - OCCUPATION

  • Occupation: Autor

375 ## - GENDER

  • Gender: hombre

377 ## - ASSOCIATED LANGUAGE

  • Language code: spa

400 1# - SEE FROM TRACING--PERSONAL NAME

  • Personal name: Basáñez E., Miguel

670 ## - SOURCE DATA FOUND

  • Source citation: His La lucha por la hegemonía en México, 1968-1980, 1981:
  • Information found: t.p. (Miguel Basáñez)

670 ## - SOURCE DATA FOUND

  • Source citation: La Composición del poder. Oaxaca, 1968-1984, 1987:
  • Information found: t.p. (Miguel Basáñez E.)

670 ## - SOURCE DATA FOUND

  • Source citation: A world of three cultures, 2016:
  • Information found: ECIP t.p. (Miguel E. Basáñez)